[Event "AUTO-OPEN-1302"]
[Site "http://www.queenalice.com/game.php?id=477150"]
[Date "2008.10.14"]
[Round "1"]
[White "Guillaume"]
[Black "Peninha"]
[Result "0-1"]
[WhiteElo "1521"]
[BlackElo "1670"]

1. e4 e6 2. e5 Nc6 3. Nf3 d6 4. exd6 Qxd6 5. Bb5 Qc5 6. Nc3 a6 7. Bxc6+ Qxc6 8.
d3 Nf6 9. Bg5 Nd5 10. Nxd5 exd5 11. Qe2+ Be6 12. Nd4 Qd6 13. Nxe6 fxe6 14. Bh4
Be7 15. Bxe7 Qxe7 16. Qh5+ g6 17. Qe5 O-O-O 18. O-O Rhf8 19. b3 Rf5 20. Qe3 d4
21. Qd2 Rdf8 22. f3 Qh4 23. Rae1 Re8 24. c4 Rh5 25. g3 Qg5 26. f4 Qg4 27. Qe2
Qh3 28. Qf2 c5 29. a4 Rf8 30. Qe2 Rff5 31. g4 Rh4 32. gxf5 gxf5 33. Qg2 Rg4 34.
Qxg4 Qxg4+ 35. Kh1 h5 36. Rxe6 h4 37. Rfe1 Qf3+ 38. Kg1 h3 39. Re8+ Kc7 40.
R1e7+ Kb6 41. Re6+ Ka7 42. Rg6 Qd1+ 43. Kf2 Qd2+ 44. Kf3 Qxd3+ 45. Kf2 Qd2+ 46.
Re2 Qxf4+ 47. Kg1 d3 48. Rf2 Qc1+ 49. Rf1 d2 50. Rd6 Qc2 51. b4 d1=R 52. Rfxd1
Qg2# 0-1

[Event "Challenge"]
[Site "http://www.queenalice.com/game.php?id=482102"]
[Date "2008.10.24"]
[Round "-"]
[White "BboyH"]
[Black "Guillaume"]
[Result "1-0"]
[WhiteElo "1850"]
[BlackElo "1542"]

1. d4 d5 2. Nc3 Nf6 3. Nf3 Nc6 4. Bg5 Bg4 5. e3 e6 6. h3 Bxf3 7. Qxf3 h6 8. Bf4
g5 9. Be5 Be7 10. Bb5 a6 11. Bxc6+ bxc6 12. a3 Ne4 13. Bxh8 Nxc3 14. bxc3 f6 15.
Bg7 Bf8 16. Bxf6 Be7 17. Be5 Rb8 18. Qh5+ Kd7 19. O-O Bf6 20. Qf7+ Be7 21. f4
gxf4 22. Rxf4 a5 23. Rf6 h5 24. Qxe6+ Ke8 25. Rg6 Qd6 26. Rg8# 1-0

[Event "Challenge"]
[Site "http://www.queenalice.com/game.php?id=482107"]
[Date "2008.10.24"]
[Round "-"]
[White "Guillaume"]
[Black "esteban"]
[Result "1/2-1/2"]
[WhiteElo "1453"]
[BlackElo "1625"]

1. e4 e5 2. Qf3 Nf6 3. Bc4 c6 4. d3 d5 5. Bb3 h6 6. Nc3 Be6 7. exd5 Nxd5 8. Nxd5
Bxd5 9. Bxd5 Qxd5 10. c4 Bb4+ 11. Bd2 Bxd2+ 12. Kxd2 Qa5+ 13. Kc2 O-O 14. a3 Nd7
15. b4 Qc7 16. Nh3 a5 17. bxa5 Rxa5 18. Rhb1 Rfa8 19. g4 Rxa3 20. Rxa3 Rxa3 21.
Rb3 Rxb3 22. Kxb3 Nc5+ 23. Kb4 Qb6+ 24. Kc3 Na4+ 25. Kd2 Qb2+ 26. Ke3 f6 27. Qe2
Qxe2+ 28. Kxe2 Kf7 29. f3 Ke7 30. Nf2 1/2-1/2

[Event "AUTO-INT-1081"]
[Site "http://www.queenalice.com/game.php?id=482501"]
[Date "2008.10.24"]
[Round "1"]
[White "igorsquash"]
[Black "Guillaume"]
[Result "1-0"]
[WhiteElo "1719"]
[BlackElo "1539"]

1. e4 e5 2. Nf3 Nc6 3. Bc4 f6 4. d4 exd4 5. Nxd4 Bc5 6. Nxc6 dxc6 7. O-O Bxf2+
8. Kxf2 Nh6 9. Bxh6 gxh6 10. Qh5+ Ke7 11. Qf7+ Kd6 12. Rd1+ Ke5 13. Rxd8 Rxd8
14. Qe7+ Kd4 15. Qxd8+ Kxc4 16. b3+ Kc5 17. Qxf6 Bd7 18. Nc3 h5 19. Na4+ Kb4 20.
a3+ Kb5 21. Qe5+ Ka6 22. b4 b5 23. Qxc7 bxa4 24. Qxd7 Rf8+ 25. Ke3 h6 26. Qxc6#
1-0

[Event "AUTO-INT-1081"]
[Site "http://www.queenalice.com/game.php?id=482502"]
[Date "2008.10.24"]
[Round "1"]
[White "Guillaume"]
[Black "igorsquash"]
[Result "0-1"]
[WhiteElo "1436"]
[BlackElo "1759"]

1. e4 e5 2. Qf3 Nf6 3. Bc4 Nc6 4. d3 Nd4 5. Qd1 b6 6. c3 Nc6 7. Bg5 Be7 8. Bxf6
Bxf6 9. Na3 Na5 10. Nf3 Nxc4 11. Nxc4 d6 12. Qa4+ Bd7 13. Qb3 O-O 14. Ne3 a5 15.
Nf5 Be6 16. Qd1 Bxf5 17. exf5 Qe7 18. d4 exd4+ 19. Qe2 Qxe2+ 20. Kxe2 dxc3 21.
bxc3 Bxc3 22. Rac1 Rfe8+ 23. Kd3 Bb4 24. Rxc7 Rac8 25. Rxc8 Rxc8 26. Re1 Bxe1
27. Nxe1 Rc5 28. g4 b5 29. h4 Rc4 30. g5 Rxh4 31. Nf3 Ra4 32. Nd4 Rxa2 33. Nxb5
Rxf2 34. Nxd6 h6 35. gxh6 gxh6 36. Ke3 Rg2 37. Ke4 f6 38. Kd5 a4 39. Nc4 h5 40.
Ke6 h4 41. Kxf6 h3 42. Ne3 Rg3 43. Nf1 Rf3 44. Nh2 a3 45. Nxf3 a2 46. Ke7 a1=Q
47. f6 Qa7+ 48. Ke6 Qb7 49. Ne5 h2 50. f7+ Kg7 0-1

[Event "AUTO-INT-1081"]
[Site "http://www.queenalice.com/game.php?id=482515"]
[Date "2008.10.24"]
[Round "1"]
[White "Kuroi"]
[Black "Guillaume"]
[Result "1/2-1/2"]
[WhiteElo "1555"]
[BlackElo "1538"]

1. e4 e5 2. Nf3 Nc6 3. Nc3 Bb4 4. Nd5 Nf6 5. Nxb4 Nxb4 6. Nxe5 O-O 7. Bc4 d5 8.
exd5 Nfxd5 9. Qf3 Nxc2+ 10. Kf1 Nxa1 11. Bxd5 Be6 12. Bxb7 Rb8 13. Nc6 Bd5 14.
Nxd8 Bxf3 15. Bxf3 Rbxd8 16. Bd1 Rd5 17. b3 Re8 18. Bb2 Ra5 19. g3 Rxa2 20. Bc3
Rd8 21. Kg2 Nc2 22. Bxc2 Rxc2 23. Ba5 Rdxd2 24. Bxd2 Rxd2 25. Re1 g6 26. Rc1 Rd7
27. b4 a6 28. Rc5 Rd4 29. b5 axb5 30. Rxb5 Rc4 31. Rb8+ Kg7 32. Kf3 c5 33. Ke3
Rb4 34. Rc8 Rb5 35. Kd3 Rb2 36. Ke3 Rc2 37. h4 h5 38. f3 c4 39. Kd4 Kf6 40. Rc5
Ke6 41. Rc6+ Kf5 42. Rc5+ Ke6 43. f4 f5 44. Rxc4 Rxc4+ 45. Kxc4 Kd6 1/2-1/2

[Event "AUTO-INT-1081"]
[Site "http://www.queenalice.com/game.php?id=482516"]
[Date "2008.10.24"]
[Round "1"]
[White "Guillaume"]
[Black "Kuroi"]
[Result "1-0"]
[WhiteElo "1525"]
[BlackElo "1561"]

1. e4 e5 2. Qf3 Nf6 3. d3 Bc5 4. Bg5 h6 5. Bxf6 Qxf6 6. Nc3 Bd4 7. Nd5 Qc6 8. c3
Bc5 9. b4 Bd6 10. c4 Bxb4+ 11. Nxb4 Qa4 12. Nd5 Qc6 13. Ne2 d6 14. Nec3 Be6 15.
Nb5 Bxd5 16. exd5 Qc5 17. Qe3 Qb4+ 18. Kd1 Qb2 19. Qc1 Qxf2 20. Nxc7+ Kd7 21.
Nxa8 a6 22. Qd2 Qd4 23. Rb1 Qa7 24. Nb6+ Kd8 25. d4 exd4 26. Qxd4 Nd7 27. a4 Re8
28. a5 g5 29. Qg7 Ne5 30. Qxh6 Ng4 31. Qxd6# 1-0

[Event "AUTO-INT-1081"]
[Site "http://www.queenalice.com/game.php?id=482523"]
[Date "2008.10.24"]
[Round "1"]
[White "puertolimon"]
[Black "Guillaume"]
[Result "1-0"]
[WhiteElo "1478"]
[BlackElo "1539"]

1. e4 e5 2. Nf3 Nc6 3. Bb5 a6 4. Bxc6 dxc6 5. Nxe5 Qe7 6. d4 c5 7. Bf4 cxd4 8.
Qxd4 Nf6 9. O-O c5 10. Qd3 b5 11. Nc3 c4 12. Qe3 Bb7 13. f3 b4 14. Na4 h6 15.
Nxc4 g5 16. Be5 Rc8 17. Nab6 Rc5 18. Bd6 Qe6 19. Qxc5 Bxd6 20. Nxd6+ Kd8 21.
Nxb7+ Ke8 22. Nd6+ Ke7 23. Nf5+ Kd8 24. Rad1+ Ke8 25. Ng7# 1-0

[Event "AUTO-INT-1081"]
[Site "http://www.queenalice.com/game.php?id=482524"]
[Date "2008.10.24"]
[Round "1"]
[White "Guillaume"]
[Black "puertolimon"]
[Result "0-1"]
[WhiteElo "1463"]
[BlackElo "1620"]

1. e4 e5 2. Qf3 d6 3. Bc4 Nf6 4. d3 Bg4 5. Qg3 h5 6. f3 Be6 7. Bxe6 fxe6 8. Bg5
Nc6 9. Bxf6 Qxf6 10. Nh3 Nd4 11. Na3 d5 12. c3 Nc6 13. exd5 exd5 14. c4 dxc4 15.
Nxc4 Bd6 16. Nxd6+ cxd6 17. Ng5 Nd4 18. Kd2 Nf5 19. Ne4 Qh6+ 20. Qg5 Qxg5+ 21.
Nxg5 O-O 22. Ne6 Rf6 23. Nc7 Rc8 24. Nd5 Rff8 25. Ne3 Nxe3 26. Kxe3 Rc2 27. b3
Rxg2 28. a4 Rb2 29. Ra3 a5 30. h4 Rc8 31. d4 exd4+ 32. Kxd4 Rd2+ 33. Ke4 Re8+
34. Kf4 d5 35. Kg5 Rf2 36. f4 d4 37. Rd1 Rd8 38. Raa1 Rd5+ 39. f5 Kh7 40. Kxh5
Rdxf5+ 41. Kg4 R5f4+ 42. Kg3 R2f3+ 43. Kg2 Rxb3 44. Rab1 Rxb1 45. Rxb1 d3 46.
Rd1 Rxa4 47. Rxd3 Rxh4 48. Rb3 Rb4 49. Ra3 a4 50. Kf3 Rb3+ 51. Rxb3 axb3 52. Ke4
b2 53. Ke5 b1=Q 54. Kd6 b5 55. Kc5 b4 56. Kc4 b3 57. Kc3 b2 58. Kb3 Qc1 59. Ka4
b1=Q 60. Ka5 Qa3# 0-1

[Event "Challenge"]
[Site "http://www.queenalice.com/game.php?id=486549"]
[Date "2008.11.1"]
[Round "-"]
[White "solo"]
[Black "Guillaume"]
[Result "1-0"]
[WhiteElo "1645"]
[BlackElo "1502"]

1. e4 Nf6 2. d3 d5 3. exd5 Nxd5 4. h3 h6 5. g4 g5 6. Bg2 Bg7 7. c3 Bd7 8. Bxd5
c6 9. Bg2 Na6 10. d4 e6 11. Nd2 Qb6 12. Nc4 Qc5 13. dxc5 Nxc5 14. Be3 Na4 15.
Qxa4 b5 16. Nd6+ Ke7 17. Qb4 a5 18. Nb7+ axb4 19. Bd4 Bxd4 20. cxd4 Rhb8 21. Nc5
Kd6 22. Nf3 f6 23. O-O e5 24. Ne4+ Ke6 25. Nc5+ Kd6 26. Nxd7 Kxd7 27. dxe5 fxe5
28. Nxe5+ Ke6 29. Nxc6 Rc8 30. Nd4+ Ke5 31. Bxa8 Kxd4 32. Rfd1+ Ke5 33. Rd5+ Kf4
34. Rf5# 1-0

[Event "Challenge"]
[Site "http://www.queenalice.com/game.php?id=487936"]
[Date "2008.11.4"]
[Round "-"]
[White "I_BOSS_BO"]
[Black "Guillaume"]
[Result "0-1"]
[WhiteElo "1065"]
[BlackElo "1460"]

1. e3 e6 2. b3 b6 3. Nc3 Qf6 4. Ne4 Qxa1 5. Nc3 Bb4 6. Nb5 Qe5 7. c3 Bd6 8. d4
Qf6 9. Qe2 Ba6 10. c4 Bxb5 11. cxb5 a6 12. Nh3 a5 13. g3 c6 14. Bg2 Qf5 0-1

[Event "AUTO-INT-971"]
[Site "http://www.queenalice.com/game.php?id=495835"]
[Date "2008.11.20"]
[Round "2"]
[White "catalan"]
[Black "Guillaume"]
[Result "1-0"]
[WhiteElo "1732"]
[BlackElo "1453"]

1. e4 e5 2. Bc4 f6 3. d3 Bb4+ 4. Nc3 Bxc3+ 5. bxc3 Ne7 6. Nf3 d5 7. exd5 Nxd5 8.
Bb2 c6 9. O-O b5 10. Bb3 a5 11. a4 bxa4 12. Bxa4 Qb6 13. Rb1 Bd7 14. c4 Nf4 15.
Bxe5 Qc5 16. Bxf4 Na6 17. Rb7 Nb4 18. Re1+ Kf7 19. Rxd7+ Kg6 20. Nh4# 1-0

[Event "AUTO-INT-971"]
[Site "http://www.queenalice.com/game.php?id=495836"]
[Date "2008.11.20"]
[Round "2"]
[White "Guillaume"]
[Black "catalan"]
[Result "0-1"]
[WhiteElo "1456"]
[BlackElo "1808"]

1. e4 e5 2. Bc4 Nc6 3. Qh5 g6 4. Qf3 Nf6 5. d3 Nd4 6. Qd1 Bc5 7. Bg5 h6 8. Bxf6
Qxf6 9. f3 a5 10. c3 Ne6 11. Bxe6 Qxe6 12. d4 Bb6 13. Na3 c6 14. Nh3 d5 15. dxe5
dxe4 16. fxe4 Qxe5 17. Nf2 O-O 18. O-O Qg5 19. Nc4 Rd8 20. Qf3 Bg4 21. Qg3 Qh5
22. Nxb6 Ra6 23. Nc4 Be2 24. b3 Bxf1 25. Rxf1 Qe2 26. Ne3 Qxa2 27. Qc7 Raa8 28.
Qxb7 Rab8 29. Qxc6 Qxb3 30. Qc4 Qb6 31. Nc2 Rbc8 32. Qe2 Rxc3 33. e5 Qb2 34. e6
Rxc2 35. Qe1 f6 36. e7 Re8 37. h3 a4 38. Qe6+ Kg7 39. Ng4 Rxg2+ 40. Kh1 Re2 41.
Qxf6+ Qxf6 42. Rxf6 R8xe7 43. Rf1 Re1 44. Rxe1 Rxe1+ 45. Kg2 a3 46. Kf2 Rb1 47.
Kf3 a2 48. Kf4 a1=Q 49. h4 Qd4+ 50. Kg3 Rb3+ 51. Kg2 Qxg4+ 52. Kf2 Qxh4+ 53. Ke2
Qh2+ 54. Kd1 Rb1# 0-1

[Event "AUTO-INT-971"]
[Site "http://www.queenalice.com/game.php?id=495841"]
[Date "2008.11.20"]
[Round "2"]
[White "Guillaume"]
[Black "reibas"]
[Result "0-1"]
[WhiteElo "1430"]
[BlackElo "1712"]

1. e4 e5 2. Nc3 Nf6 3. Nf3 Bc5 4. Na4 d6 5. Nxc5 b6 6. Nd3 O-O 7. Ng5 Nxe4 8.
Nxe4 Nc6 9. c3 Bf5 10. Qf3 d5 11. Qxf5 f6 12. Qe6+ Kh8 13. Qxc6 dxe4 14. Qxe4 c5
15. f3 g6 16. b4 c4 17. Qxc4 Rc8 18. Qa6 Qd7 19. Ba3 Rfe8 20. h3 h5 21. g4 e4
22. gxh5 gxh5 23. fxe4 Rxe4+ 24. Kd1 Qf5 25. Qxa7 Qf3+ 26. Kc2 Qxh1 27. Qxb6 Rf8
28. b5 Rf7 29. Qd8+ Kg7 30. Nf2 Qf3 31. Nxe4 Qxe4+ 32. Bd3 Qa4+ 0-1

[Event "AUTO-INT-971"]
[Site "http://www.queenalice.com/game.php?id=495842"]
[Date "2008.11.20"]
[Round "2"]
[White "reibas"]
[Black "Guillaume"]
[Result "1-0"]
[WhiteElo "1651"]
[BlackElo "1465"]

1. e4 e5 2. Nf3 Nc6 3. Bb5 a6 4. Bxc6 dxc6 5. Nc3 f6 6. d3 Bb4 7. a3 Bxc3+ 8.
bxc3 Bg4 9. c4 Bxf3 10. Qxf3 Nh6 11. Bxh6 gxh6 12. O-O-O b5 13. Qh5+ Ke7 14.
Qxh6 Qg8 15. Rhg1 Qg6 16. Qe3 Qh5 17. Qc5+ Kd7 18. d4 Qxh2 19. dxe5+ Ke6 20.
Qxc6+ Kxe5 21. Qxc7+ Kxe4 22. Qxh2 bxc4 23. Rge1+ Kf5 24. Qh5+ Kf4 25. Rd4# 1-0

[Event "AUTO-INT-971"]
[Site "http://www.queenalice.com/game.php?id=495843"]
[Date "2008.11.20"]
[Round "2"]
[White "Guillaume"]
[Black "EdsonEstevam"]
[Result "0-1"]
[WhiteElo "1448"]
[BlackElo "1647"]

1. e4 e5 2. Bc4 Bb4 3. Qh5 Qe7 4. c3 Bc5 5. d4 Nf6 6. Bg5 Nxh5 7. Bxe7 Bxe7 8.
Nf3 Nc6 9. Nxe5 Nxe5 10. dxe5 Nf4 11. g3 Ng6 12. f4 d6 13. exd6 cxd6 14. O-O Bh3
15. Re1 O-O 16. Na3 a6 17. b4 b5 18. Bd3 Rac8 19. Rac1 Bd8 20. e5 Bb6+ 21. Kh1
Rfe8 22. Bxg6 hxg6 23. exd6 Rxe1+ 24. Rxe1 Rxc3 25. Nb1 Rc2 26. Re7 Rc1+ 27. Re1
Rxe1# 0-1

[Event "AUTO-INT-971"]
[Site "http://www.queenalice.com/game.php?id=495844"]
[Date "2008.11.20"]
[Round "2"]
[White "EdsonEstevam"]
[Black "Guillaume"]
[Result "1-0"]
[WhiteElo "1628"]
[BlackElo "1462"]

1. e4 e5 2. Bc4 f6 3. Nf3 d6 4. d4 exd4 5. Nxd4 Nc6 6. c3 Nxd4 7. cxd4 c5 8. d5
Qe7 9. Nc3 Bf5 10. O-O Bxe4 11. Nxe4 Qxe4 12. Re1 Qxe1+ 13. Qxe1+ Kd7 14. Bf4
Re8 15. Qa5 b6 16. Qb5+ Kd8 17. Qc6 Ne7 18. Qa8+ Kd7 19. Bb5+ Nc6 20. Bxc6+ Ke7
21. Qxe8# 1-0

[Event "AUTO-INT-1123"]
[Site "http://www.queenalice.com/game.php?id=501824"]
[Date "2008.12.2"]
[Round "1"]
[White "Guillaume"]
[Black "montelo"]
[Result "0-1"]
[WhiteElo "1440"]
[BlackElo "1751"]

1. e4 e5 2. Qf3 Bc5 3. Bc4 Nf6 4. d3 h6 5. Qg3 g5 6. Nc3 d6 7. Nd5 Ng4 8. Nh3
Nc6 9. Qf3 Nd4 10. Kd2 Nxf3+ 11. gxf3 Nf6 12. Nxf6+ Qxf6 13. c3 Bxh3 14. b4 Bxf2
15. Ba3 Qxf3 16. b5 Qe3+ 17. Kc2 Qe2+ 18. Kb3 f5 19. d4 Qe3 20. dxe5 dxe5 21.
Rhd1 Qxe4 22. b6 axb6 23. Bb5+ c6 24. Bc4 b5 25. Bd3 Qg2 26. Bb2 Qd5+ 27. Kc2
Rxa2 28. Rxa2 Qxa2 29. Rd2 Be3 30. Re2 Bf4 31. Kd1 Bg4 32. Bxb5 Qb1+ 33. Bc1
Qxc1# 0-1

[Event "AUTO-INT-1123"]
[Site "http://www.queenalice.com/game.php?id=501825"]
[Date "2008.12.2"]
[Round "1"]
[White "montelo"]
[Black "Guillaume"]
[Result "1/2-1/2"]
[WhiteElo "1612"]
[BlackElo "1433"]

1. e4 e5 2. Qh5 Nf6 3. Qxe5+ Qe7 4. Qxc7 Qxe4+ 5. Ne2 Qc6 6. Qe5+ Qe6 7. Qg3 Qc6
8. Nd4 Qe4+ 9. Qe3 Bc5 10. Qxe4+ Nxe4 11. c3 Bxd4 12. cxd4 Nc6 13. d3 Nf6 14.
Be3 Nb4 15. Na3 Ng4 16. Bd2 Nd5 17. Nb5 a6 18. Na3 O-O 19. f3 Ngf6 20. g4 Re8+
21. Kd1 b5 22. Bg2 Bb7 23. h4 b4 24. Nc4 a5 25. Nd6 Reb8 26. Re1 Ra6 27. g5 Nh5
28. Nxb7 Rxb7 29. f4 g6 30. Bxd5 Rc7 31. Re7 Ng3 32. Bxf7+ Kf8 33. Bc4 Rxc4 34.
dxc4 Kxe7 35. Kc2 Rc6 36. b3 Re6 37. Re1 Rxe1 38. Bxe1 Ne2 39. d5 Nxf4 40. c5
Nxd5 1/2-1/2

[Event "AUTO-INT-1123"]
[Site "http://www.queenalice.com/game.php?id=501826"]
[Date "2008.12.2"]
[Round "1"]
[White "Guillaume"]
[Black "Andre_van_Veelen"]
[Result "1/2-1/2"]
[WhiteElo "1461"]
[BlackElo "1687"]

1. e4 c5 2. Qh5 e6 3. Nf3 Nf6 4. Qh4 Be7 5. Ne5 Nd5 6. Qg4 Bf6 7. f4 Nb4 8. Na3
Bxe5 9. fxe5 g6 10. c3 N4c6 11. Bb5 Nxe5 12. Qg3 Nbc6 13. Bxc6 Nxc6 14. Nc4 e5
15. Nxe5 Qe7 16. d4 cxd4 17. Nxc6 Qxe4+ 18. Kf2 Qxc6 19. cxd4 Qf6+ 20. Ke3 O-O
21. Qe5 Qxe5+ 22. dxe5 d6 23. exd6 Re8+ 24. Kf3 Re6 25. Rd1 1/2-1/2

[Event "AUTO-INT-1123"]
[Site "http://www.queenalice.com/game.php?id=501827"]
[Date "2008.12.2"]
[Round "1"]
[White "Andre_van_Veelen"]
[Black "Guillaume"]
[Result "1-0"]
[WhiteElo "1678"]
[BlackElo "1470"]

1. d4 d5 2. c4 dxc4 3. Nf3 Nc6 4. e4 Bg4 5. Bxc4 Bxf3 6. Qxf3 f6 7. Qb3 Qxd4 8.
Qxb7 Rd8 9. Qxc6+ Qd7 10. Qxd7+ Rxd7 11. Bb5 c6 12. Bxc6 Kd8 13. Bxd7 Kxd7 14.
Be3 g5 15. Bxa7 e5 16. g4 Bb4+ 17. Ke2 Nh6 18. Rd1+ Kc6 19. f3 Kb7 20. a3 Kxa7
21. axb4+ Kb6 22. Rd6+ Kb5 23. Rxf6 Ng8 24. Rf8 Kxb4 25. Rb8+ Kc4 26. Na3+ Kd4
27. Rc1 h6 28. Nb5# 1-0

[Event "AUTO-INT-1123"]
[Site "http://www.queenalice.com/game.php?id=501828"]
[Date "2008.12.2"]
[Round "1"]
[White "Guillaume"]
[Black "fbenevides"]
[Result "0-1"]
[WhiteElo "1435"]
[BlackElo "1715"]

1. e4 e5 2. Qh5 Qe7 3. Nf3 Nf6 4. Qxe5 Qxe5 5. Nxe5 Nxe4 6. Bc4 Ng5 7. d3 f6 8.
Ng4 d6 9. Bxg5 Bxg4 10. Bf4 Be7 11. f3 Bf5 12. Nc3 c6 13. O-O-O a6 14. Rde1 Kd7
15. Na4 Kd8 16. g4 Bg6 17. h4 b5 18. h5 Be8 19. Nc3 bxc4 20. dxc4 c5 21. Nd5 Nc6
22. Nxe7 Nxe7 23. Bxd6 Nc8 24. Bxc5 Bc6 25. Rd1+ Kc7 26. Rhf1 Re8 27. Rfe1 Rxe1
28. Rxe1 Bxf3 29. Rg1 Kc6 30. Bd4 Nd6 31. b3 h6 32. Kd2 Re8 33. a4 Re2+ 34. Kc3
Ne4+ 35. Kd3 Ng5 36. c3 Rb2 37. b4 Be2+ 38. Ke3 Bxc4 39. Re1 Kd5 40. b5 axb5 41.
axb5 Rxb5 42. Ra1 Rb7 43. Ra5+ Bb5 44. Kf4 Ne6+ 45. Ke3 Kc4 46. Ke4 Nc5+ 47. Kf5
Nb3 48. Ra3 Nxd4+ 49. cxd4 Kxd4 50. Rg3 Be8 51. Rg1 Bd7+ 52. Kg6 Be6 53. Rd1+
Kc3 54. Rc1+ Kd2 55. Rf1 Bxg4 56. Rf2+ Ke3 57. Rh2 f5 58. Ra2 Bf3 59. Ra3+ Kf4
60. Rd3 Kg4 61. Rd8 Rb6+ 62. Kxg7 Kxh5 63. Rf8 Bg4 64. Rf7 Rb1 65. Kh7 Rf1 66.
Rf6 Kh4 67. Rxh6+ Kg3 68. Kg6 f4 69. Kg5 Be2 70. Rh4 f3 0-1

[Event "AUTO-INT-1123"]
[Site "http://www.queenalice.com/game.php?id=501829"]
[Date "2008.12.2"]
[Round "1"]
[White "fbenevides"]
[Black "Guillaume"]
[Result "0-1"]
[WhiteElo "1623"]
[BlackElo "1440"]

1. e4 e5 2. Nf3 Nf6 3. Nc3 Nc6 4. Bc4 Bc5 5. O-O O-O 6. d3 d6 7. Nd5 Nd4 8. Nxd4
Nxd5 9. Nf5 Bxf5 10. Bxd5 c6 11. exf5 cxd5 12. Qf3 b6 13. Qxd5 Rc8 14. c3 Qf6
15. Qe4 a5 16. a4 h6 17. Be3 Bxe3 18. Qxe3 Qxf5 19. Qxb6 Qxd3 20. Rfd1 Qc2 21.
h3 Rb8 22. Qxd6 Rxb2 23. Qxe5 Qxf2+ 24. Kh2 Qxg2# 0-1

[Event "Challenge"]
[Site "http://www.queenalice.com/game.php?id=529738"]
[Date "2009.1.26"]
[Round "-"]
[White "Guillaume"]
[Black "syber"]
[Result "0-1"]
[WhiteElo "1454"]
[BlackElo "1262"]

1. e4 e5 2. Qh5 Nc6 3. Bb5 Nf6 4. Qf5 Qe7 5. Bxc6 dxc6 6. Qf3 Qc5 7. Nc3 Bg4 8.
Qe3 O-O-O 9. f3 Qxe3+ 10. dxe3 Be6 11. Bd2 Bc5 12. Ke2 Rd7 13. g4 h5 14. gxh5
Rxh5 15. a3 g5 16. b4 Be7 17. f4 gxf4 18. exf4 Bc4+ 19. Kf3 Rxd2 20. fxe5 Rxe5
21. Ke3 Rxc2 22. Kd4 Rxc3 23. Kxc3 Rxe4 24. Nh3 Nd5+ 25. Kd2 Rd4+ 26. Kc2 Ne3+
27. Kc3 Rd3+ 28. Kb2 Bf6+ 29. Kb1 Rb3+ 30. Kc1 Bb2+ 31. Kb1 Bxa3+ 32. Ka2 Nc2
33. Rhb1 Nxb4# 0-1